000 00871nas a2200277 4500
001 BR0202930
003 BR-BrBNA
005 20231205103023.0
007 ta
008 230509b bl.|||p| |||| 00| 00por d
040 _aBR-BrBNA
_bpor
_cBiblioteca Nacional de Agricultura
041 _a(Pt)
072 _aH01; N20
100 1 _aChaim, A.
100 1 _aPessoa, M.C.P.Y.
100 1 _aFerracini, V.L.
245 1 _aEficiência de deposição de agrotóxicos obtida com bocal eletrostático para pulverizador costal motorizado
650 _aAGROTÓXICO
650 _aPULVERIZADOR
650 _aPULVERIZAÇÃO
650 _aRESÍDUO
650 _aMÉTODO DE APLICAÇÃO
773 0 _tPesquisa Agropecuária Brasileira (Brazil)
_xISSN 0100-204X
_g(Apr 2002), v. 37(4) p. 497-501
_wBR0202930
909 _a202311
_bLúcia
_c55
_dLúcia Elande
942 _2AGRIS
_n0
_cANA
999 _c170606
_d170606